Central Library OPAC University of Rajshahi

সামান্যজনের স্বদেশ ভাবনা / (Record no. 56382)

MARC details
000 -LEADER
fixed length control field 00841nam a2200229 a 4500
001 - CONTROL NUMBER
control field 56382
003 - CONTROL NUMBER IDENTIFIER
rucl marc code BD-RjUL
005 - DATE AND TIME OF LATEST TRANSACTION
control field 20211209080405.0
008 - FIXED-LENGTH DATA ELEMENTS--GENERAL INFORMATION
fixed length control field 161129s2002 bg ||||| |||| 00| 0 ben d
020 ## - INTERNATIONAL STANDARD BOOK NUMBER
Terms of availability : Tk. 100.00
035 ## - SYSTEM CONTROL NUMBER
System control number (BD-RjUL)
040 ## - CATALOGING SOURCE
Original cataloging agency BD-RjUL
Language of cataloging ben
Transcribing agency BD-RjUL
041 ## - LANGUAGE CODE
Language code of text/sound track or separate title ben
082 ## - DEWEY DECIMAL CLASSIFICATION NUMBER
Edition number 23
Classification number 352.34
Author mark and year ISS 2002
100 1# - MAIN ENTRY--PERSONAL NAME
Personal name ইসলাম, মো: মইনুল
9 (RLIN) 167726
245 10 - TITLE STATEMENT
Title সামান্যজনের স্বদেশ ভাবনা /
Statement of responsibility, etc. মো: মইনুল ইসলাম
260 ## - PUBLICATION, DISTRIBUTION, ETC. (IMPRINT)
Place of publication, distribution, etc. ঢাকা :
Name of publisher, distributor, etc. সৃষ্টি ইন্টারন্যাশল,
Date of publication, distribution, etc. ২০০২
300 ## - PHYSICAL DESCRIPTION
Pagination ১৬৬ পৃ ;
Size ২০ সেমি.
650 ## - SUBJECT ADDED ENTRY--TOPICAL TERM
Topical term or geographic name as entry element নীতিনির্ধারণ
General subdivision পরিকল্পনা
9 (RLIN) 167727
Topical term or geographic name as entry element Policy Making
General subdivision planning
9 (RLIN) 167728
942 ## - ADDED ENTRY ELEMENTS (KOHA)
Source of classification or shelving scheme Dewey Decimal Classification
Koha item type Books
Holdings
Lost status Source of classification or shelving scheme Damaged status Not for loan Collection code Permanent Location Current Location Shelving location Date acquired Source of acquisition Total Checkouts Full call number Date last seen Copy number Koha item type
  Dewey Decimal Classification     Non-fiction Central Library, University of Rajshahi Central Library, University of Rajshahi   18/08/2008 Iran Dutabas, Dhaka   B 352.34 ISS 2002 29/11/2016 C-2 Books
  Dewey Decimal Classification   Not For Loan Non-fiction Central Library, University of Rajshahi Central Library, University of Rajshahi Reading Room 18/08/2008 Iran Dutabas, Dhaka   B 352.34 ISS 2002 27/12/2016 C-1 Books